Meubles et ensembles (Record no. 3426)

MARC details
000 -CABECERA
campo de control de longitud fija 00712nam a2200241 a 4500
001 - NÚMERO DE CONTROL
campo de control BRCA_3696
005 - FECHA Y HORA DE LA ÚLTIMA TRANSACCIÓN
campo de control 20190320204403.0
008 - DATOS DE LONGITUD FIJA--INFORMACIÓN GENERAL
campo de control de longitud fija 080909s1961----fr-a---###---#000-0#fre-#
041 ## - CÓDIGO DE LENGUA
Código de lengua del texto/banda sonora o título independiente fre
044 ## - CÓDIGO DEL PAÍS DE LA ENTIDAD EDITORA/PRODUCTORA
Código MARC del país fr
050 #4 - SIGNATURA TOPOGRÁFICA DE LA BIBLIOTECA DEL CONGRESO
Número de clasificación NK2547
Número de documento/Ítem .M48 10
-- 1961
245 10 - MENCIÓN DE TÍTULO
Título Meubles et ensembles
Resto del título Auvergnats
Mención de responsabilidad, etc. introduction par Stany Gauthier.
260 ## - PUBLICACIÓN, DISTRIBUCIÓN, ETC.
Lugar de publicación, distribución, etc. Paris
Nombre del editor, distribuidor, etc. Ch. Massin
Fecha de publicación, distribución, etc. [1961]
300 ## - DESCRIPCIÓN FÍSICA
Extensión 1 v. (sin paginación)
Otras características físicas il., 36 láminas
Dimensiones 29 cm.
440 #0 - MENCIÓN DE SERIE/PUNTO DE ACCESO ADICIONAL--TÍTULO
Título Meubles et ensembles
Designación de volumen o secuencia 10
9 (RLIN) 9600
500 ## - NOTA GENERAL
Nota general Incluye lista de láminas
500 ## - NOTA GENERAL
Nota general B333
650 14 - PUNTO DE ACCESO ADICIONAL DE MATERIA--TÉRMINO DE MATERIA
Término de materia o nombre geográfico como elemento de entrada Muebles
Subdivisión geográfica Auvergne, Francia
9 (RLIN) 9601
650 14 - PUNTO DE ACCESO ADICIONAL DE MATERIA--TÉRMINO DE MATERIA
Término de materia o nombre geográfico como elemento de entrada Muebles franceses
9 (RLIN) 9602
700 1# - PUNTO DE ACCESO ADICIONAL--NOMBRE DE PERSONA
Nombre de persona Gauthier, Stany
Término indicativo de función/relación introd
9 (RLIN) 9603
902 ## - CATALOGADOR
Iniciales GFM
942 ## - ELEMENTOS DE PUNTO DE ACCESO ADICIONAL (KOHA)
Fuente del sistema de clasificación o colocación Library of Congress Classification
Tipo de ítem Koha Libros
Holdings
Estado de retiro Estado de pérdida Estado dañado No para préstamo Localización permanente Ubicación/localización actual Fecha de adquisición Número de inventario Total de préstamos Signatura topográfica completa Código de barras Fecha visto por última vez Precio válido a partir de Tipo de ítem Koha
El ejemplar forma parte de la colección y puede ser consultado según las políticas vigentes.       Biblioteca del Museo Franz Mayer (Rogerio Casas-Alatriste) Biblioteca del Museo Franz Mayer (Rogerio Casas-Alatriste) 08/09/2009 B333   NK2547 .M48 10 1961 (B333) 3693 22/03/2019 22/03/2019 Libros